000
00333 a2200169 4500
001
191460
020
_a
85-00-90670-7
040
_c
Magnum
100
_a
Alencar, José de
240
1
0
_a
Senhora
_l
por
245
1
0
_a
Senhora
300
_a
272
362
0
_a
1997
440
1
_a
Ediouro
697
_a
LITERATURA GERAL
942
_c
BK
999
_c
191460
_d
191460